Music Quiz

Random Music or Billboard Quiz

'70s Songs by Initials Quiz Stats

 Plays Quiz Updated Nov 18, 2015

Challenge
Share
Tweet
Embed
Score 0/30 Timer 06:00
4 Plays Today
Initials Song % Correct
BOTWBridge Over Troubled Water
84.2%
YTOTIWYou're the One That I Want
72.4%
DYTIS?Da Ya Think I'm Sexy?
71.7%
IBTI'll Be There
63.1%
AHWNNA Horse With No Name
60.6%
TMH, CRTake Me Home, Country Roads
58.4%
TWWWThe Way We Were
58%
JTTWJoy to the World
55%
HDIYLHow Deep Is Your Love
53.1%
RARANRock and Roll All Nite
51.4%
YATSOMLYou Are the Sunshine of My Life
50.9%
LSTLet's Stay Together
48.7%
LWKUTLove Will Keep Us Together
48.7%
IJWTBYEI Just Want to Be Your Everything
47.7%
YLUMLYou Light Up My Life
47.7%
Initials Song % Correct
TFTEISYFThe First Time Ever I Saw Your Face
45.5%
KFFKung Fu Fighting
43.8%
YMMFLDYou Make Me Feel Like Dancing
43.4%
JMI (RAWM)Just My Imagination (Running Away with Me)
43.3%
PTFMPlay That Funky Music
43.2%
YASNYYou Ain't Seen Nothing Yet
41.1%
DSTYGEDon't Stop 'Til You Get Enough
39.8%
CGEOYLBCan't Get Enough of Your Love, Babe
37.8%
E (TPCS)Escape (The Piña Colada Song)
33.4%
WAABWe're an American Band
31.5%
ANMHEAin't No Mountain High Enough
26.4%
BOBBeast of Burden
25.7%
LYLFLet Your Love Flow
25.1%
KOWKnock on Wood
20.8%
LTWTMSListen to What the Man Said
12.4%

You're not logged in!

Compare scores with friends on all Sporcle quizzes.
OR
Log In

You Might Also Like...

Show Comments

Extras

Top Quizzes Today


Score Distribution

Your Account Isn't Verified!

In order to create a playlist on Sporcle, you need to verify the email address you used during registration. Go to your Sporcle Settings to finish the process.

Report this User

Report this user for behavior that violates our Community Guidelines.

Details: